Toutes les Techniques de Jude Sharp (Kidou Yuuto) D'Inazuma Eleven - Statistiques

Statistiques générales
  • Ce quiz a été pris 84 fois
  • Le résultat moyen est 11 sur 19
Statistiques - réponses
Réponse Type de quiz Première Utilisation % Correct
Ballon Illusoire ATT S1
98%
Tir Puissance 2 TIR S1
94%
Triangle de la Mort TIR S1
94%
Éclair Pulvérisant TIR S1
91%
Manchot Empereur N°2 TIR S1
89%
Champ d'Énergie ATT S3
88%
Manchot Empereur N°3 TIR S3
86%
Big Bang TIR S3
83%
Triangle de la Mort 2 TIR S2
82%
Tornade Puissance 2 TIR S1
71%
Légende Suprême TIR FILM
55%
Tornade Noire TIR MANGA
32%
Scie Circulaire DEF MANGA
26%
Volée de Manchots TIR ORION
26%
Passage en Force ATT MANGA
20%
Éclair Pulvérisant CG TIR ORION
17%
Subtilisation DEF MANGA
17%
Death Crusher Zone TIR ORION
15%
Tornade Double TIR MANGA
15%
Aucun quiz correspondant
Distribution des résultats
% des personnes avec chaque résultat
Percentile par nombre de réponses
Votre historique - résultats
Vous n’avez pas pris ce quiz